000 00895nam a22002891i 4500
001 16622
003 ES-MaACL
005 20250822062543.0
007 t|
008 001020s1999 sp ||||0| spa j
016 7 _zIND9200475348
020 _a968-853-138-3
040 _aM-BN
_bspa
_cA2
080 _a159.964.2
100 1 _aKohut, Heinz.
_968497
245 1 3 _aLa restauración del si-mismo /
_cHeinz Kohut ; [traducción del inglés Noemi Rosenblatt].
260 _aMéxico :
_bPaidós Mexicana,
_c1999.
300 _a224 p. ;
_c22 cm.
490 1 _aBiblioteca de psicología profunda ;
_v68
504 _aBibliografía: p. 214-224.
650 1 7 _aPsicología
_2embne
_916540
700 1 _aRosenblatt, Noemi.
_999734
830 0 _aBiblioteca de psicología profunda ;
_v68
_9179952
852 _aES-MaACL
_jL-23853
_bR.128779
999 _c16622
_d16622